| 000 | 00915nam a22002895 4500 | ||
|---|---|---|---|
| 001 | 142952 | ||
| 003 | ES-MaBCM | ||
| 005 | 20241016183549.0 | ||
| 008 | 061123s2006 esp spa d | ||
| 017 | _aM.29611-2006 | ||
| 020 | _a84-9725-705-7 | ||
| 021 | _axx | ||
| 035 | _a(OCoLC)76858531 | ||
| 040 | _cES-MaBCM | ||
| 080 | _a347.736(460) | ||
| 100 | 1 |
_aVázquez Lépinette, Tomás _978448 |
|
| 245 | 0 | 0 |
_aAdministraciones públicas y derecho concursal _cTomás Vázquez Lépinette |
| 260 |
_aLas Rozas (Madrid) : _bLa Ley, _c2006 |
||
| 300 |
_aXIV, 201 p. ; _c25 cm |
||
| 490 | 0 |
_aRevista Aranzadi de derecho concursal y paraconcursal. Monografía ; _9110211 _v4/2006 |
|
| 504 | _aBibliografía: p. 191-201 | ||
| 650 | 2 | 7 |
_aAdministración pública _957460 |
| 650 | 2 | 7 |
_aContratación administrativa _958095 |
| 650 | 2 | 7 |
_aDerecho concursal _958301 |
| 651 | 2 | 4 |
_aEspaña _9115342 |
| 942 | _cBK | ||
| 999 |
_c142952 _d142952 |
||